Časový manažment na pracovisku

Podstata časového manažmentu. Základné zásady časového manažmentu. Zlodeji času.

Gespeichert in:
Bibliographische Detailangaben
1. Verfasser: Slaninková, Katarína
Format: Buchkapitel
Sprache:Slowakisch
Schlagworte:
Tags: Tag hinzufügen
Keine Tags, Fügen Sie das erste Tag hinzu!

MARC

LEADER 00000naa a2200000 4500
001 0222980
005 20231120131147.2
041 0 |a slo 
044 |a SK 
245 1 0 |a Časový manažment na pracovisku  |c Katarína Slaninková 
520 |a Podstata časového manažmentu. Základné zásady časového manažmentu. Zlodeji času. 
610 2 0 |a manažment času 
610 2 0 |a riadenie času 
610 2 0 |a pracovisko 
610 2 0 |a organizácia práce 
100 1 |a Slaninková, Katarína